| 000 | 00580nam a22002057a 4500 | ||
|---|---|---|---|
| 003 | BUBTL | ||
| 008 | 221129b ||||| |||| 00| 0 eng d | ||
| 020 | _a984321563 x | ||
| 082 | _a823.7/ Au74p/ 2010 | ||
| 100 |
_94276 _aAusten, Jane |
||
| 245 |
_aPride and Prejudice : _bJane Austen |
||
| 250 | _a1st Edn. | ||
| 260 |
_aDhaka _bFriends Book Corner _cc2010 |
||
| 300 |
_a[lviii],422p . : _b18 cm |
||
| 650 | 0 |
_91994 _aEnglish Literature |
|
| 700 |
_94276 _aAusten, Jane |
||
| 856 |
_k0 _l0 _yDownload |
||
| 942 |
_2ddc _cBK |
||
| 999 |
_c6843 _d6843 |
||